| 000 | 01029nam a22003137a 4500 | ||
|---|---|---|---|
| 003 | CHAP | ||
| 005 | 20220329134941.0 | ||
| 008 | 971013s1976 r 00010 d | ||
| 010 | _a28575 | ||
| 011 | _a29547 | ||
| 035 | _a33658 | ||
| 040 | _cCHAP | ||
| 090 | _aTesis | ||
| 100 | 0 | 0 |
_aLara Godoy, Ramón. _964843 |
| 245 | _aFactores que influyen sobre la titulación de las vacunas contra la enfermedad de Newcastle | ||
| 260 |
_aMéxico, D.F. : _bEl autor, _c1976 |
||
| 300 | _apág. varía | ||
| 502 | _aTesis (Médico Veterinario Zootecnista) -- UNAM. Fac. de Medicina Veterinaria y Zootecnia | ||
| 590 |
_aALEPH _b10 _c20130110 _lUCH01 _h1249 |
||
| 590 |
_aBATCH-UPD _b10 _c20130110 _lUCH01 _h1404 |
||
| 590 |
_aBATCH-UPD _b10 _c20130410 _lUCH01 _h0854 |
||
| 590 |
_aBATCH-UPD _b10 _c20130914 _lUCH01 _h1307 |
||
| 590 |
_aCONVERSION _b10 _c20130109 _lUCH01 _h1316 |
||
| 650 | 1 | 4 |
_aEnfermedad de Newcastle. _936929 |
| 650 | 1 | 4 |
_aVacunas. _9117179 |
| 901 | _aBK | ||
| 942 | _cTESIS | ||
| 949 |
_bBC _cTES _d-78297 _eTS1 _i33658 _si |
||
| 999 |
_c28575 _d28575 |
||